Top 50 NBA Players 2014-15 - Statistics

General Stats
  • This quiz has been taken 342 times
  • The average score is 29 of 50
Answer Stats
Hint Answer % Correct
1 Lebron James
99%
8 Stephen Curry
96%
2 Kevin Durant
95%
47 David West
91%
4 Russell Westbrook
87%
24 Kobe Bryant
86%
20 Dwyane Wade
84%
13 James Harden
84%
3 Chris Paul
83%
5 Tim Duncan
79%
21 Kyrie Irving
78%
10 Blake Griffin
76%
28 Kawhi Leonard
76%
6 Anthony Davis
74%
15 Tony Parker
72%
14 Dirk Nowitzki
71%
16 Marc Gasol
71%
49 Pau Gasol
71%
11 Carmelo Anthony
70%
7 Kevin Love
70%
18 Chris Bosh
68%
9 Dwight Howard
68%
22 Damian Lillard
67%
23 Derrick Rose
67%
38 Deandre Jordan
66%
31 John Wall
60%
27 Demarcus Cousins
57%
12 Lamarcus Aldridge
54%
46 Paul Pierce
53%
41 Manu Ginobili
51%
45 Deron Williams
48%
30 Kyle Lowry
48%
36 Brook Lopez
47%
25 Al Horford
46%
17 Joakim Noah
46%
32 Mike Conley
45%
40 Rajon Rondo
43%
34 Paul Millsap
41%
19 Serge Ibaka
36%
42 Zach Randolph
35%
37 Andre Drummond
34%
50 Jrue Holiday
29%
29 Andre Iguodala
28%
33 Eric Bledsoe
26%
35 Goran Dragic
26%
39 Tyson Chandler
24%
26 Al Jefferson
23%
44 Ty Lawson
17%
43 Nicolas Batum
14%
48 Nikola Pekovic
5%
No matching quizzes found
Score Distribution
Percent of People with Each Score
Percentile by Number Answered
Your Score History
You have not taken this quiz